000 00541nam a2200181Ia 4500
003 GCL
008 140319s9999 xx 000 0 ara d
040 _aGCL /
_cGCL
082 0 4 _a370.1
_bف ت
100 1 _aفاروق عبده فليه
245 1 0 _aالتربية ومواجهة تحديات التنمية /
_cفاروق عبده فليه
260 _a[S.N] :
_bمكتبة الانجلوالمصرية
300 _a94 ص
490 _a
650 0 4 _aالتربية
650 0 4 _aالتطور الاجتماعى
942 _2ddc
_cBK
999 _c55712
_d55712